Die 10 teuersten Filme - Statistiken

Allgemein
  • Dieses Quiz wurde 69 mal gespielt
  • Das Durchschnittsergebnis liegt bei 4 aus 10
Antwortstatistiken
Hint Antwort % Korrekt
ca. 350 Mio. USD Avatar 2
78%
ca. 365 Mio. USD Avengers 2
63%
ca. 356 Mio. USD Avengers 4
63%
ca. 447 Mio. USD Star Wars 7
51%
ca. 416 Mio. USD Star Wars 9
51%
ca. 379 Mio. USD Fast & Furious 10
20%
ca. 379 Mio. USD Fluch der Karibik 4
20%
ca. 351 Mio. USD Doctor Strange 2
3%
ca. 432 Mio. USD Jurassic World 2
2%
ca. 465 Mio. USD Jurassic World 3
2%
Keine übereinstimmenden Quizze gefunden
Verteilung der Resultate
Anzahl Personen mit jedem Resultat
Perzentil nach korrekt beantworteten Fragen
Ihre Resultats-Entwicklung
Sie haben dieses Quiz noch nicht gespielt